000 00547nam a22001697a 4500
003 OSt
005 20251029024054.0
008 251029b |||||||| |||| 00| 0 eng d
020 _a998-971-581-275-7
040 _aDWCL - Main Lib
_cOC
082 _aFil. 248.8 T582 2017
245 _aTimeless truths :
_bA guide to a better life /
260 _aManila, Philippines :
_bPhilippine Publishing House,
_cc2017.
300 _a120+ pages :
_bcolored illustrations ;
_c19cm.
501 _aChristian Observance in life
942 _2ddc
_cBK - FIL
_mFil.
_n0
999 _c5268
_d5268